Donde es más brillante el sol /

Sparad:
Bibliografiska uppgifter
Huvudupphovsman: Endara, Ernesto
Materialtyp: Okänd
Språk:Spanish
Publicerad: Panamá : Mariano Arosemena, 1991.
Ämnen:
Taggar: Lägg till en tagg
Inga taggar, Lägg till första taggen!

MARC

LEADER 000000000a22000000004500
001 002203
041 0 |a spa 
082 0 4 |a P862.4   |b E56do 
100 1 |a Endara, Ernesto 
245 1 0 |a Donde es más brillante el sol /   |c Ernesto Endara. 
260 1 |a Panamá :   |b Mariano Arosemena,   |c 1991. 
300 |a 92 páginas 
650 4 |a LITERATURA PANAMEÑA 
650 4 |a TEATRO 
999 |c 8784  |d 8784 
942 |c BK  |h P862.4 E56do  |2 z